| 000 | 00470nam a2200145 a 4500 | ||
|---|---|---|---|
| 001 | 000031688 | ||
| 005 | 20250502073820.0 | ||
| 008 | 110630s1980 dr 000 0 spa d | ||
| 040 |
_aDO-SdBNP _bspa _cBNPHU |
||
| 110 | 1 |
_aRepública Dominicana. _bOficina Nacional de Administración y Personal _926398 |
|
| 245 | 1 | 0 |
_aCursos de adiestramiento : _bprogramación octubre -diciembre. |
| 260 |
_aSanto Domingo : _bONAP, _c[1980]. |
||
| 300 |
_a28 p. ; _c22 cm. |
||
| 049 | _aBNPD | ||
| 999 |
_c31180 _d31180 |
||